000
00323nam a22001457a 4500
008
180919b xxu||||| |||| 00| 0 eng d
020
_a
9780195378337
041
_a
eng
080
_a
94
082
_a
94
100
_a
16
101
_a
HIS
245
_a
The revolutionary Constitution
_c
Bodenhamer.D.J
942
_2
udc
_c
BK
999
_c
48036
_d
48036